000 00239nam a2200097Ia 4500
008 120527s9999 xx 000 0 und d
100 _aCohn-Sherbok, D.
245 _aNot a job a nice Jewish boy.
260 _bBellow Publishing
942 _cBK
999 _c14920
_d14920